00284nam a2200109Ia 4500008004100000082001600041100001700057245005400074260003000128300000800158650000800166191201s2013 xx 000 0 und d a368.32bSHL aSHARMA, K.C. 0aLife Insurance in India: Principles and Practices aN. DelhibRegal pubc2013 a365 aBBA